Okręgi Rumunii - Quiz na mapie - Statystyki

Ogólne statystyki
  • Ten quiz został rozwiązany 23 razy
  • Średni wynik to 17 z 42
Odpowiedzi na mapie
Odpowiedzi zakodowano w zielono-czerwonej skali na mapie do tego quizu, zgodnie z poniższymi procentami.
 
Statystyki odpowiedzi
Odpowiedź % Poprawnych
Bukareszt
100%
Ilfov
78%
Arad
67%
Jassy
67%
Kluż
67%
Konstanca
67%
Satu Mare
67%
Suceava
67%
Temesz
67%
Botoszany
56%
Braszów
56%
Alba
44%
Bihor
44%
Gałacz
44%
Marusza
44%
Neamt
44%
Sybin
44%
Teleorman
44%
Braiła
33%
Caras-Severin
33%
Dolj
33%
Hunedoara
33%
Jałomica
33%
Marmarosz
33%
Prahova
33%
Salaj
33%
Tulcza
33%
Vaslui
33%
Aluta
22%
Ardżesz
22%
Bacau
22%
Bistrita-Nasaud
22%
Buzau
22%
Calarasi
22%
Covasna
22%
Dymbowica
22%
Giurgiu
22%
Gorj
22%
Harghita
22%
Mehedinti
11%
Valcea
11%
Vrancea
11%
Nie znaleziono quizów pasujących do podanych kryteriów
Rozkład punktacji
Procent ludzi z każdym wynikiem
Percentyl według liczby udzielonych odpowiedzi
Twoja historia wyników
Nie rozwiązałeś tego quizu